| 000 | 00648cam a2200193 4500500 | ||
|---|---|---|---|
| 005 | 20260405001507.0 | ||
| 041 | _afre | ||
| 042 | _adc | ||
| 100 | 1 | 0 |
_aGroulez, Raphaël _eauthor |
| 245 | 0 | 0 | _aFrédéric Palomino: « Ce n’est pas à l’entreprise de redistribuer les revenus mais à l’État » |
| 260 | _c2013. | ||
| 500 | _a68 | ||
| 690 | _aActionnaires | ||
| 690 | _aHauts salaires | ||
| 690 | _aPatronat | ||
| 690 | _aPlafonnement | ||
| 786 | 0 | _nPhilosophie magazine | 70 | 6 | 2013-06-01 | p. 9-9 | 1951-1787 | |
| 856 | 4 | 1 | _uhttps://shs.cairn.info/magazine-philosophie-magazine-2013-6-page-9?lang=fr&redirect-ssocas=7080 |
| 999 |
_c2048260 _d2048260 |
||